000
00312nam a22001337a 4500
020
_a
978-1-292-14721-5
082
_a
346.4207
100
_a
Maclntyre, Ewan
245
_a
Essentials of Business Law
250
_a
6th
260
_a
New York:
_b
Pearson,
_c
2018.
300
_a
xxxv, 504p.: Ill.; 25cm
942
_c
BK
999
_c
22131
_d
22131